Statistiques concernant Les 10 pays d'Europe les plus froids

Cliquez ici pour prendre le quiz!

Statistiques générales

  • Ce quiz a été pris 3,675 fois
  • Le résultat moyen est 8 sur 10

Statistiques - réponses

°C pays % Correct
-5,10Russie
98%
2,10Suède
98%
1,70Finlande
97%
1,50Norvège
97%
1,75Islande
93%
5,10Estonie
89%
5,60Lettonie
88%
6,15Biélorussie
78%
5,50Suisse
60%
5,65Liechtenstein
41%

Distribution des résultats

Percentile by Number Answered

% des personnes avec chaque résultat

Votre développement - résultats

Vous n’avez pas pris ce quiz